000 01101 a2200217 4500
001 21212
005 20260407155503.0
008 260407a2006 arg spa d
003 AR-UNSa-BCEJYS
040 _aAR-UNSa-BCEJYS
_bspa
_cAR-UNSa-BCEJYS
080 _a174:65
_xEtica en gestión y organización de la industria (Responsabilidad Social Empresaria)
245 1 0 _aResponsabilidad social empresaria
_pinformes contables sobre su cumplimiento
020 _a978-987-1281-23-7
264 1 _aBuenos Aires :
_bEDICON (Fondo Editorial Consejo)
_c2006
300 _a166 p.
_c21 cm.
505 _a1. Teorías relacionadas con la contabilidad y la RSE - 2. Sistema contable para el cumplimiento de la RSE - 3. Informes sobre la RSE - 4. Emisores y usuarios de los informes sobre la RSE - 5. Inversores éticos y mercados financieros - 6. Algunas reflexiones finales
942 _cBK
590 _aniveau_biblio:m niveau_hierar:0
100 1 _aGarcía Fronti, Inés M.
856 4 1 _uhttps://biblioeco.unsa.edu.ar/pmb/images/libros/Responsabilidad social empresaria-l119248.jpg
_yImagen de portada
_qimage/jpeg
999 _c787
_d787